| 000 | 00408nam a22001577a 4500 | ||
|---|---|---|---|
| 020 | _a070691810X | ||
| 082 |
_a512.904 _bSIN _cL-1;P-28 |
||
| 100 |
_aSINGH, SURJEET _939174 |
||
| 245 |
_aModern algbra/ _bSURJEET, SINGH. |
||
| 250 | _a6th ed. | ||
| 260 |
_aIndia. : _bvikas publishing, _cc1983. |
||
| 300 | _a531p. : | ||
| 526 |
_a0 _b0 _c0 _d512_904000000000000_SIN |
||
| 650 |
_aMCE _9379 |
||
| 942 |
_2ddc _cBK |
||
| 999 |
_c543703 _d543703 |
||